Diccionario de Historia Universal

Salvato in:
Dettagli Bibliografici
Autore principale: Romero, José Luis (Autore)
Natura: Libro
Lingua:spagnolo
Pubblicazione: Buenos Aires Atlántida 1944
Edizione:3a. ed
Serie:Enciclopedia ilustrada Atlántida. Historia 27
Soggetti:
Tags: Aggiungi Tag
Nessun Tag, puoi essere il primo ad aggiungerne!!

MARC

LEADER 00000nam a2200000 a 4500
001 UCH7306
003 CL-VaPUC
008 091109e19440000AG |||||||||||||||||spa|d
082 0 4 |a 903  |b ROM  |2 21 
100 0 |a Romero, José Luis  |e author  |9 316760 
245 1 0 |a Diccionario de Historia Universal 
250 |a 3a. ed 
300 |a v 
942 |c BK 
945 |d 20091109 00:00:00  |a ccalabra 
260 |a Buenos Aires  |b Atlántida  |c 1944 
650 0 |a Historia universal  |9 266877 
650 0 |a Educación  |9 258661 
650 7 |a MATERIAL DE REFERENCIA  |2 CL-VaPUC  |9 372342 
650 0 |a Antigüedad  |9 335267 
650 0 |a Edad media  |9 258041 
650 7 |a ENCICLOPEDIAS GENERALES  |2 CL-VaPUC  |9 543735 
650 0 |a Edad contemporánea  |9 350385 
583 |a last modification  |c 20171211 06:22:07  |k Rodrigo Vera 
490 0 |a Enciclopedia ilustrada Atlántida. Historia 27 
999 |c 337961  |d 337959